| 000 | 00501nam a2200169Ia 4500 | ||
|---|---|---|---|
| 999 |
_c35919 _d35919 |
||
| 003 | OSt | ||
| 005 | 20201209112545.0 | ||
| 008 | 190216s9999||||xx |||||||||||||| ||und|| | ||
| 040 | _coclc | ||
| 082 |
_a330.91724 _bBHA/T |
||
| 100 |
_a Bhagwati, Jagdish _9564 |
||
| 245 | 4 |
_aThe World Bank Economic Review / _cJagdish N Bhagwati |
|
| 260 |
_bThe World Bank, _c1985. |
||
| 300 | _a745p | ||
| 650 | _aBank Economic Review | ||
| 942 |
_cREF _2ddc _h330.91724 _iBHA/T _k330.91724 _mBHA/T |
||